|
|
|
|
| LEADER |
00919nam a22002057a 4500 |
| 008 |
140506b xxu||||| |||| 00| 0 eng d |
| 999 |
|
|
|c 6415
|d 6415
|
| 020 |
|
|
|a 9788176900648
|
| 082 |
|
|
|a 894.107
|b PAU/NAT
|
| 100 |
|
|
|a നടരാജന്, നവരംഗം
|
| 240 |
|
|
|a M. P. Paulinte sargamandalangalilute
|
| 245 |
|
|
|a എം. പി. പോളിന്റെ സര്ഗ്ഗമണ്ഡലങ്ങളിലൂടെ /
|c നവരംഗം നടരാജന്
|
| 250 |
|
|
|a 1st ed.
|
| 260 |
|
|
|a തൃശൂര് :
|b കേരള സാഹിത്യ അക്കാദമി,
|c 2004.
|
| 300 |
|
|
|a 86p.
|
| 600 |
|
|
|a M. P. Paul
|
| 650 |
|
|
|a Study, Literature
|
| 700 |
|
|
|a Natarajan, Navarangam
|
| 942 |
|
|
|2 ddc
|c BK
|
| 952 |
|
|
|0 0
|1 0
|2 ddc
|4 0
|6 894_107000000000000_PAUNAT
|7 0
|9 9279
|a MAIN
|b MAIN
|d 2014-05-06
|e Kerala Sahitya Akademi
|g 50.00
|l 3
|o 894.107 PAU/NAT
|p 9305
|r 2017-07-19
|s 2017-07-11
|t 1
|w 2014-05-06
|y BK
|